|
|
|
|
| LEADER |
00000nam0a2200000 4500 |
| 001 |
296108 |
| 005 |
20231102000856.0 |
| 020 |
|
|
|a RU
|b 84-25819
|
| 035 |
|
|
|a (RuTPU)RU\TPU\book\321202
|
| 090 |
|
|
|a 296108
|
| 100 |
|
|
|a 20150528d1983 km a0rusy5003 ca
|
| 101 |
0 |
|
|a rus
|
| 102 |
|
|
|a RU
|
| 105 |
|
|
|a a z 001zy
|
| 200 |
1 |
|
|a Боевое содружество. О советско-монгольском боевом содружестве
|f Институт военной истории ; под ред. П. А. Жилина, Ж. Балжинняма
|
| 210 |
|
|
|a Москва
|c Воениздат
|d 1983
|
| 215 |
|
|
|a 334 с.
|c ил. 8 л. ил.
|
| 300 |
|
|
|a Авт. указаны на обороте тит. л.
|
| 320 |
|
|
|a Именной указатель: с. 327-328
|
| 500 |
1 |
0 |
|a Дайчин нохорлол
|
| 510 |
1 |
|
|a Дайчин нохорлол
|z mon
|
| 606 |
1 |
|
|a Вооруженные силы
|x Социалистических стран
|2 stltpush
|3 (RuTPU)RU\TPU\subj\3692
|9 32070
|
| 610 |
1 |
|
|a советско-монгольские военные связи
|
| 610 |
1 |
|
|a монгольско-советские военные связи
|
| 610 |
1 |
|
|a история
|
| 610 |
1 |
|
|a боевые традиции
|
| 610 |
1 |
|
|a международное сотрудничество
|
| 610 |
1 |
|
|a Монгольская Народная Республика
|
| 610 |
1 |
|
|a Монгольская Народная революция
|
| 610 |
1 |
|
|a 20 век
|
| 610 |
1 |
|
|a Великая Отечественная война 1941-1945
|
| 610 |
1 |
|
|a Японская военная кампания
|
| 610 |
1 |
|
|a обороноспособность
|
| 686 |
|
|
|a Ц4/.6
|2 rubbk
|
| 702 |
|
1 |
|a Жилин
|b П. А.
|g Павел Андреевич
|4 340
|
| 702 |
|
1 |
|a Балжинням
|b Ж.
|4 340
|
| 712 |
0 |
2 |
|a Институт военной истории
|c (Москва)
|2 stltpush
|3 (RuTPU)RU\TPU\col\9003
|9 24644
|
| 801 |
|
0 |
|a RU
|b RuMRKP
|c 19950704
|g psbo
|
| 801 |
|
1 |
|a RU
|b 63413507
|c 20150528
|
| 801 |
|
2 |
|a RU
|b 63413507
|c 20181106
|g RCR
|
| 942 |
|
|
|c BK
|